[Event "Bruges Masters op"]
[Site "Bruges"]
[Date "2023.08.15"]
[Round "6"]
[White "Thakoerdien, Jerrel"]
[Black "Baselmans, Luuk"]
[Result "1/2-1/2"]
[WhiteElo "2155"]
[BlackElo "2338"]
[PlyCount "90"]
[EventDate "2023.08.12"]
[EventType "swiss"]
[EventRounds "9"]
[EventCountry "BEL"]
[SourceTitle "CBM 215 Extra"]
[Source "ChessBase"]
[SourceDate "2023.09.30"]
[SourceVersion "1"]
[SourceVersionDate "2023.09.30"]
[SourceQuality "1"]

1. d4 Nf6 2. c4 e6 3. Nf3 b6 4. a3 Bb7 5. Nc3 g6 6. d5 Bg7 7. e4 d6 8. Be2 e5 9. 0-0 0-0 10. Ne1 Nbd7 11. b4 a5 12. Be3 Qe7 13. Nd3 Rfc8 14. Qb3 axb4 15. axb4 Qd8 16. c5 bxc5 17. bxc5 Ba6 18. c6 Rcb8 19. Qc2 Nb6 20. Nb4 Bxe2 21. Qxe2 Na4 22. Rxa4 Rxa4 23. Nxa4 Rxb4 24. Nc3 Qb8 25. f3 Nh5 26. Qa2 f5 27. Ba7 Qd8 28. Rb1 Rxb1+ 29. Qxb1 Qh4 30. Bf2 Qg5 31. Qc2 Bh6 32. Nb5 fxe4 33. fxe4 Qd8 34. Bb6 Qb8 35. Qf2 Bg5 36. Nxc7 Bd8 37. Na8 Qxa8 38. Bxd8 Qxd8 39. Qa7 Qh4 40. g3 Qxe4 41. c7 Qe1+ 42. Kg2 Qe2+ 43. Kg1 Qe1+ 44. Kg2 Qe2+ 45. Kg1 Qe1+ 1/2-1/2

[Event "Calvia Amateur op 19th"]
[Site "Calvia"]
[Date "2022.10.15"]
[Round "8"]
[White "Martinez Pla, Xavier"]
[Black "Thakoerdien, Jerrel"]
[Result "1/2-1/2"]
[WhiteElo "2292"]
[BlackElo "2135"]
[PlyCount "50"]
[EventDate "2022.10.08"]
[EventType "swiss"]
[EventRounds "9"]
[EventCountry "ESP"]
[SourceTitle "CBM 210 Extra"]
[Source "ChessBase"]
[SourceDate "2022.11.30"]
[SourceVersion "1"]
[SourceVersionDate "2022.11.30"]
[SourceQuality "1"]

1. e4 c6 2. d4 d5 3. e5 Bf5 4. Nf3 e6 5. Be2 Nd7 6. 0-0 h6 7. Nbd2 Ne7 8. Nb3 g5 9. Ne1 Qc7 10. Bd3 c5 11. Nxc5 Nxc5 12. dxc5 Qxe5 13. Be3 Bg7 14. c3 0-0 15. Qd2 Qc7 16. h3 Bxd3 17. Qxd3 e5 18. Nc2 Rad8 19. Rad1 f5 20. f3 Kh8 21. b4 Ng6 22. Qd2 Qc6 23. Rfe1 a6 24. Bf2 Qf6 25. Ne3 Ne7 1/2-1/2

[Event "Calvia Amateur op 16th"]
[Site "Calvia"]
[Date "2019.10.13"]
[Round "9"]
[White "Thakoerdien, Jerrel"]
[Black "Amengual Perello, Jordi"]
[Result "1/2-1/2"]
[WhiteElo "2149"]
[BlackElo "2087"]
[PlyCount "121"]
[EventDate "2019.10.05"]
[EventType "swiss"]
[EventRounds "9"]
[EventCountry "ESP"]
[SourceTitle "CBM 192 Extra"]
[Source "Chessbase"]
[SourceDate "2019.11.06"]
[SourceVersion "1"]
[SourceVersionDate "2019.11.06"]
[SourceQuality "1"]

1. d4 Nf6 2. Nf3 e6 3. g3 d5 4. Bg2 Be7 5. 0-0 0-0 6. c4 dxc4 7. Qc2 b5 8. a4 b4 9. Qxc4 Ba6 10. Qc2 Nbd7 11. Re1 c5 12. b3 Rc8 13. Qa2 c4 14. bxc4 Bxc4 15. Qb2 a5 16. Nbd2 Bd5 17. e4 Bc6 18. d5 exd5 19. e5 Ne4 20. Nd4 Ndc5 21. Nxc6 Rxc6 22. Bf1 Nc3 23. Qc2 Qb6 24. Bb2 N5xa4 25. Rxa4 b3 26. Qd3 Nxa4 27. Bd4 Bc5 28. Nxb3 Bxd4 29. Nxd4 Rc3 30. Qd1 Qb4 31. e6 Nb2 32. Qg4 fxe6 33. Qxe6+ Kh8 34. Qe5 Nd3 35. Bxd3 Rxd3 36. Ne6 Rg8 37. Ng5 Rf8 38. Ne6 Rf6 39. Rc1 h6 40. Qc7 Rxe6 41. Qc8+ Kh7 42. Qxe6 Qe4 43. Qxe4+ dxe4 44. Rc4 e3 45. fxe3 Rxe3 46. Rc5 Ra3 47. Kf2 g5 48. h3 a4 49. Ra5 Ra2+ 50. Kf3 Ra3+ 51. Kg4 Kg7 52. Ra7+ Kg6 53. Ra6+ Kg7 54. Ra7+ Kf8 55. Rh7 Ra1 56. Rxh6 a3 57. Ra6 a2 58. Ra7 Kg8 59. Kh5 Rg1 60. Rxa2 Rxg3 61. Kg6 1/2-1/2

[Event "Leiden op-A 12th"]
[Site "Leiden"]
[Date "2018.07.14"]
[Round "2"]
[White "Thakoerdien, Jerrel"]
[Black "Sandipan, Chanda"]
[Result "0-1"]
[WhiteElo "2201"]
[BlackElo "2548"]
[PlyCount "74"]
[EventDate "2018.07.13"]
[EventType "swiss"]
[EventRounds "9"]
[EventCountry "NED"]
[SourceTitle "CBM 185 Extra"]
[Source "ChessBase"]
[SourceDate "2018.07.29"]
[SourceVersion "1"]
[SourceVersionDate "2018.07.29"]
[SourceQuality "1"]

1. d4 f5 2. g3 Nf6 3. Bg2 g6 4. Nf3 Bg7 5. 0-0 0-0 6. c4 e6 7. Nc3 d5 8. Qc2 c6 9. b3 Nbd7 10. Bb2 Re8 11. e3 b6 12. Rfd1 Bb7 13. Rac1 Qe7 14. Ne2 Ne4 15. Nf4 Rac8 16. Ne5 Nxe5 17. dxe5 Ng5 18. Ne2 dxc4 19. f4 cxb3 20. Qxb3 Ne4 21. Qa4 b5 22. Qb3 Nc5 23. Qa3 Na4 24. Nd4 c5 25. Nxb5 Bxg2 26. Qxa4 Bc6 27. Qc4 Rb8 28. a4 a6 29. Nd6 Rxb2 30. Nxe8 Qxe8 31. Qxc5 Bxa4 32. Rd4 Rb8 33. Qd6 Bb5 34. Qc7 Bf8 35. Rc2 Ra8 36. Rcd2 Qc8 37. Qa5 Qc1+ 0-1

[Event "Porto Mannu op 10th"]
[Site "Porto Mannu"]
[Date "2018.06.02"]
[Round "1"]
[White "Rambaldi, Francesco"]
[Black "Thakoerdien, Jerrel"]
[Result "1-0"]
[WhiteElo "2556"]
[BlackElo "2223"]
[PlyCount "77"]
[EventDate "2018.06.02"]
[EventType "swiss"]
[EventRounds "9"]
[EventCountry "ITA"]
[SourceTitle "CBM 184 Extra"]
[Source "ChessBase"]
[SourceDate "2018.06.28"]
[SourceVersion "1"]
[SourceVersionDate "2018.06.28"]
[SourceQuality "1"]

1. Nf3 Nf6 2. g3 g6 3. b3 Bg7 4. Bb2 0-0 5. Bg2 c5 6. c4 Nc6 7. 0-0 d5 8. cxd5 Nxd5 9. Bxg7 Kxg7 10. d4 cxd4 11. Nxd4 Nxd4 12. Qxd4+ Nf6 13. Qe5 Qb6 14. Nc3 Be6 15. Na4 Qb4 16. Nc5 Bg4 17. Qxe7 a5 18. a3 Qb6 19. Rfc1 Rab8 20. Nxb7 Rfe8 21. Qc7 Qxb3 22. Nxa5 Qb2 23. Nc4 Qb3 24. Na5 Qb2 25. Nc4 Qb3 26. e3 Rec8 27. Qf4 Be6 28. Bf1 Rc5 29. Nd2 Rxc1 30. Nxb3 Rxa1 31. Qxb8 Rb1 32. Qe5 Bxb3 33. g4 h6 34. h4 Bc4 35. g5 hxg5 36. hxg5 Rxf1+ 37. Kg2 Rd1 38. gxf6+ Kg8 39. Qb8+ 1-0

[Event "Leiden Noteboom Memorial 76th"]
[Site "Leiden"]
[Date "2016.02.06"]
[Round "2"]
[White "Wantola, Ivo"]
[Black "Thakoerdien, Jerrel"]
[Result "1-0"]
[WhiteElo "2356"]
[BlackElo "2126"]
[PlyCount "53"]
[EventDate "2016.02.05"]
[EventType "swiss"]
[EventRounds "6"]
[EventCountry "NED"]
[SourceTitle "CBM 170 Extra"]
[Source "ChessBase"]
[SourceDate "2016.02.25"]
[SourceVersion "1"]
[SourceVersionDate "2016.02.25"]
[SourceQuality "1"]

1. Nf3 Nf6 2. b3 g6 3. Bb2 Bg7 4. c4 0-0 5. g3 d6 6. d4 Nc6 7. Bg2 Nd7 8. Nc3 e5 9. dxe5 Ndxe5 10. Nxe5 Bxe5 11. Qd2 f5 12. e3 Rb8 13. h4 h6 14. 0-0-0 Be6 15. f4 Bg7 16. e4 h5 17. Rhe1 Qf6 18. Na4 Qd8 19. Nc3 Kh8 20. exf5 Bxf5 21. Ne4 Qd7 22. Nc5 Qc8 23. Bxg7+ Kxg7 24. Qc3+ Kh6 25. Bxc6 bxc6 26. Re7 Rg8 27. Qf6 1-0

[Event "Leiden Noteboom Memorial 75th"]
[Site "Leiden"]
[Date "2015.02.15"]
[Round "5"]
[White "Ootes, Lars"]
[Black "Thakoerdien, Jerrel"]
[Result "1-0"]
[WhiteElo "2366"]
[BlackElo "2148"]
[PlyCount "57"]
[EventDate "2015.02.13"]
[EventType "swiss"]
[EventRounds "6"]
[EventCountry "NED"]
[SourceTitle "CBM 164 Extra"]
[Source "ChessBase"]
[SourceDate "2015.03.02"]
[SourceVersion "1"]
[SourceVersionDate "2015.03.02"]
[SourceQuality "1"]

1. e4 e5 2. Nf3 Nc6 3. Bb5 a6 4. Ba4 Nf6 5. d3 b5 6. Bb3 Be7 7. Nc3 d6 8. a4 b4 9. Nd5 0-0 10. a5 Be6 11. c3 bxc3 12. bxc3 Nb8 13. Nxe7+ Qxe7 14. Bc2 c5 15. 0-0 Nc6 16. Ng5 Bd7 17. f4 Rab8 18. Qe1 h6 19. f5 d5 20. Rf3 d4 21. c4 Ng4 22. Qg3 h5 23. h3 Nf6 24. Qh4 g6 25. Rg3 Kh8 26. Nf3 Nh7 27. fxg6 fxg6 28. Rxg6 Qxh4 29. Nxh4 1-0

[Event "Leiden Noteboom Memorial 75th"]
[Site "Leiden"]
[Date "2015.02.15"]
[Round "6"]
[White "Thakoerdien, Jerrel"]
[Black "Werle, Jan"]
[Result "0-1"]
[WhiteElo "2148"]
[BlackElo "2511"]
[PlyCount "86"]
[EventDate "2015.02.13"]
[EventType "swiss"]
[EventRounds "6"]
[EventCountry "NED"]
[SourceTitle "CBM 164 Extra"]
[Source "ChessBase"]
[SourceDate "2015.03.02"]
[SourceVersion "1"]
[SourceVersionDate "2015.03.02"]
[SourceQuality "1"]

1. d4 Nf6 2. Nf3 e6 3. c4 c5 4. d5 exd5 5. cxd5 d6 6. Nc3 g6 7. Nd2 Bg7 8. e4 0-0 9. Be2 Nbd7 10. 0-0 Ne5 11. Qc2 a6 12. a4 Re8 13. Ra3 Rb8 14. f4 Neg4 15. Nf3 c4 16. Bxc4 Qb6+ 17. Kh1 Nxe4 18. Nxe4 Bf5 19. Bd3 Rbc8 20. Qb3 Qxb3 21. Rxb3 Bxe4 22. Bxe4 Rxe4 23. Rxb7 Rxa4 24. Bd2 Ra2 25. h3 Nf6 26. Ng5 h6 27. Nxf7 Ne4 28. Re1 Nxd2 29. Nxd6 Rf8 30. Ree7 Bf6 31. Re6 Ra1+ 32. Kh2 Nf1+ 33. Kh1 Ne3+ 34. Kh2 Nxd5 35. Ne8 Ra5 36. Rd7 Be7 37. Nd6 Rxf4 38. Rxg6+ Kf8 39. Rxh6 Nf6 40. Ra7 Bxd6 41. Rh8+ Ng8 42. Ra8+ Ke7 43. Rhxg8 Rf8+ 0-1

[Event "Leiden LCT op-A 7th"]
[Site "Leiden"]
[Date "2013.07.20"]
[Round "8"]
[White "Thakoerdien, Jerrel"]
[Black "Blom, Vincent"]
[Result "1/2-1/2"]
[WhiteElo "2083"]
[BlackElo "2167"]
[PlyCount "28"]
[EventDate "2013.07.12"]
[EventType "swiss"]
[EventRounds "9"]
[EventCountry "NED"]
[SourceTitle "CBM 155 Extra"]
[Source "ChessBase"]
[SourceDate "2013.08.26"]
[SourceVersion "1"]
[SourceVersionDate "2013.08.26"]
[SourceQuality "1"]

1. d4 Nf6 2. Nf3 g6 3. c4 Bg7 4. Nc3 d5 5. Bf4 c6 6. e3 0-0 7. h3 Ne4 8. Bd3 Nxc3 9. bxc3 Nd7 10. cxd5 cxd5 11. 0-0 e5 12. dxe5 Qe7 13. Be2 Nxe5 14. Qxd5 Be6 1/2-1/2

[Event "Leiden LCT op-A 7th"]
[Site "Leiden"]
[Date "2013.07.16"]
[Round "5"]
[White "Thakoerdien, Jerrel"]
[Black "Van der Zon, Stef"]
[Result "1-0"]
[WhiteElo "2083"]
[BlackElo "1870"]
[PlyCount "53"]
[EventDate "2013.07.12"]
[EventType "swiss"]
[EventRounds "9"]
[EventCountry "NED"]
[SourceTitle "CBM 155 Extra"]
[Source "ChessBase"]
[SourceDate "2013.08.26"]
[SourceVersion "1"]
[SourceVersionDate "2013.08.26"]
[SourceQuality "1"]

1. d4 Nf6 2. Nf3 g6 3. c4 Bg7 4. Nc3 0-0 5. g3 d6 6. Bg2 Nc6 7. d5 Na5 8. Nd2 c5 9. 0-0 a6 10. Qc2 Rb8 11. b3 b5 12. Bb2 Bd7 13. Rab1 Qc8 14. Rfe1 Bh3 15. e4 Nh5 16. Nd1 Bxb2 17. Rxb2 Bxg2 18. Kxg2 bxc4 19. bxc4 Rxb2 20. Nxb2 Qg4 21. Nd3 f5 22. exf5 gxf5 23. Rxe7 Qg5 24. Ra7 f4 25. Nxc5 Rf5 26. Ra8+ Kf7 27. Rf8+ 1-0

[Event "Leiden LCT op-A 6th"]
[Site "Leiden"]
[Date "2012.07.06"]
[Round "1"]
[White "Howell, David"]
[Black "Thakoerdien, Jerrel"]
[Result "1-0"]
[WhiteElo "2620"]
[BlackElo "2070"]
[PlyCount "71"]
[EventDate "2012.07.06"]
[EventType "swiss"]
[EventRounds "9"]
[EventCountry "NED"]
[SourceTitle "CBM 149 Extra"]
[Source "ChessBase"]
[SourceDate "2012.08.24"]
[SourceVersion "1"]
[SourceVersionDate "2012.08.24"]
[SourceQuality "1"]

1. d4 Nf6 2. c4 c5 3. d5 d6 4. Nc3 g6 5. h3 Bg7 6. Bf4 0-0 7. Nf3 a6 8. a4 Qa5 9. Nd2 e5 10. Bh2 Ne8 11. e3 f5 12. Be2 Nd7 13. Qc2 Ndf6 14. 0-0 Bd7 15. Rfb1 Rb8 16. Nb3 Qd8 17. a5 g5 18. Nd2 h5 19. f4 exf4 20. exf4 g4 21. h4 Ne4 22. Ncxe4 fxe4 23. Nxe4 Qxh4 24. g3 Qe7 25. Re1 Nf6 26. Ng5 Rbe8 27. Kg2 Qd8 28. Bg1 Re7 29. Bf2 Qe8 30. Bd3 h4 31. Bh7+ Kh8 32. Bg6 Qd8 33. Rxe7 Qxe7 34. Re1 Qd8 35. Nf7+ Rxf7 36. Bxf7 1-0